西汉西域诸国 Countries in Western Regions in the Western Han dynasty - Statistics

General Stats
  • This quiz has been taken 68 times
  • The average score is 10 of 50
Answer Stats
规模 国名 治所大致所在今地 % Correct
B 鄯善/楼兰 中国新疆若羌县一带
92%
A 龟兹 中国新疆库车县附近
73%
B 于阗 中国新疆和阗县附近
61%
B 莎车 中国新疆莎车县
61%
A 大宛 中亚费尔干纳盆地
58%
A 大月氏 中亚地区
53%
A 乌孙 伊犁河流域
51%
D 且末 中国新疆且末县西南
49%
B 疏勒 中国新疆喀什市
47%
D 婼羌 中国新疆若羌县东南
47%
B 焉耆 中国新疆焉耆自治县
44%
D 精绝 中国新疆民丰县北尼雅河下游沙漠中,现存尼雅遗址
41%
C 车师/车师前 中国新疆吉木萨尔县及吐鲁番盆地一带
34%
D 车师后 中国新疆吉木萨尔县南
34%
C 尉犁 中国新疆库尔勒、尉犁地方
32%
A 康居 新疆北境以及中亚部分地区
20%
C 温宿 中国新疆乌什县境内
20%
D 小宛 中国新疆且末县西南,车尔臣河南
14%
D 皮山 中国新疆皮山县东南,藏桂附近
14%
B 姑墨 中国新疆阿克苏市和温宿县
12%
A 奄蔡 咸海一带
8%
C 蒲犁 中国新疆塔什库尔干塔克自治县
8%
D 尉头 游牧行国,中国新疆阿合奇县、巴楚县一带
8%
D 蒲类 中国新疆哈密地区巴里坤湖附近
8%
D 蒲类后 中国新疆哈密地区巴里坤湖附近
8%
D 捐笃/捐毒 中国新疆乌恰县西方一百公里
7%
D 戎卢 中国新疆于田县南
7%
D 渠勒 中国新疆和田地区策勒县南
7%
D 西且弥 中国新疆呼图壁河至纳斯河以南一带
7%
B 扜弥 中国新疆策勒县北部和于田县东北沙漠中
5%
C 墨山/山国 中国新疆库尔勒县以东库鲁克山山区
5%
C 无雷 阿富汗巴达克山东北
5%
D 乌秅 中国新疆塔什库尔干县西南方一百五十公里
5%
D 西夜 中国新疆叶城县南
5%
D 东且弥 中国新疆乌鲁木齐市
5%
E 单桓 中国新疆乌鲁木齐西北郊
5%
? 子合 中国新疆西南
5%
? 罽宾/凛宾/劫宾/羯宾 巴基斯坦白沙瓦
5%
D 卑陆 中国新疆准噶尔盆地南缘,至乌鲁木齐市东南
3%
D 桃槐 阿姆河上源小帕米尔
3%
D 休循 吉尔吉斯斯坦南部外阿赖山脉,克孜尔河上游河谷
3%
D 危须 中国焉耆县东北和硕县境内
3%
D 卑陆后 中国新疆阜康县
3%
D 乌垒 中国新疆轮台县东北
3%
E 依耐 中国新疆塔什库尔干
3%
E 劫国 中国新疆阜康县
3%
? 狐胡 中国新疆吐鲁番西北玉勒干铁列克
3%
B 难兜 巴基斯坦克什米尔地区东北部的巴勒尔蒂斯坦
2%
D 渠犁/渠黎 中国新疆尉犁县
2%
E 乌贪訾离 中国新疆玛纳斯县、昌吉市以北
0%
No matching quizzes found
Score Distribution
Percent of People with Each Score
Percentile by Number Answered
Your Score History
You have not taken this quiz